| 000 | 00437cam a2200181 4500 | ||
|---|---|---|---|
| 001 | D3526 | ||
| 008 | 090401t1980 xxu||||| |||| 00| 0 eng d | ||
| 035 | _a(Sirsi) u73605 | ||
| 041 | _aeng | ||
| 050 | _a333.330973 | ||
| 110 |
_aEstates Times Review _9303 |
||
| 245 | _aNorth America. | ||
| 260 |
_aLondon _bMorgan-Grampian (Construction Press) Ltd _c1980 |
||
| 300 | _a62p. 28cm | ||
| 350 | _a2 | ||
| 942 | _n0 | ||
| 948 | _c04/03/1997 | ||
| 999 |
_c95646 _d95646 |
||